00852 2200241 4500001002100000005001700021008004100038035002400079082001200103090002300115100001600138245019900154260002900353300003600382500008500418500003000503650001600533850001600549980001500565985000600580986000900586999001500595YOGYA-0209000004456520090227030422.0 ind  0010-020900000044565 a352.233 a352.233bSri PlSK aSRI LESTARI aPeranan kepala desa dalam menumbuhkan swadaya masyarakat untuk pembangunan fisik desa di desa Candibinangun kecamatan Pakem kabupaten Sleman Propinsi Daerah Istimewa Yogyakartacoleh Sri Lestari aYogyakartab[s.n.]c1996 av, 98, [13] lembarbilusc30 cm aLaporan tugas akhir sekolah Tinggi Pembangunan Masyarakat desa "APMD" Yogyakarta aBibliografi : lembar [99] aKepala desa aYOPDYOG [B] a03-01-2008 a1 aRuni a07A0028318